000 00720nam a22002297a 4500
999 _c2469
_d2469
003 AR-CdUCM
008 190227b ||||| |||| 00| 0 spa d
040 _aMUNICIPALIDAD PROVINCIAL DEL CUSCO
_cBIBLIOTECA MUNICIPAL DEL CUSCO
082 _a869.508 /
_bD948
100 _aDurand, José
_98822
245 _aLa transformación social del conquistador /
260 _aLima :
_bEditorial Nuevos Rumbos,
_c1958.
300 _a98 páginas ;
_c18 cm.
440 _aEscritores de Lima.
_n5
_98823
650 _aConquistadores
_91283
650 _aAmérica Latina
_98824
650 _aAspectos sociales
_9262
650 _aHistoria
_9136
650 _aDescubrimiento y conquista
_92362
942 _2ddc
_cLIBROS
945 _arac